000 00311nam a22001337a 4500
008 170310b xxu||||| |||| 00| 0 eng d
020 _a0070796890
041 _aeng
080 _23 ED
_a616.5
100 _a7
101 _aSHM
245 _aDERMATOLOGY IN GENERAL MEDICINE
_cFITZPATRICK.TH.B
942 _2udc
_cBK
999 _c7554
_d7554